La formation en situation de transculturation : une belle aventure de pedagogie socio-centrique

Αποθηκεύτηκε σε:
Λεπτομέρειες βιβλιογραφικής εγγραφής
Κύριος συγγραφέας: Dinello, Raimundo
Μορφή: Βιβλίο
Γλώσσα:French
Δημοσίευση: Bruxelles : A. De Boeck, c1977
Θέματα:
Ετικέτες: Προσθήκη ετικέτας
Δεν υπάρχουν, Καταχωρήστε ετικέτα πρώτοι!

MARC

LEADER 00000nam a2200000 i 4500
001 1/87534
008 970409s1977 fre d
035 |a 1991  |b 2  |c Δωρεά  |l 10035266 
040 |a GR-MY-UA  |b gre  |e aacr 
041 0 |a fre 
082 0 |a 370.1 
100 1 |a Dinello, Raimundo. 
245 1 3 |a La formation en situation de transculturation :  |b une belle aventure de pedagogie socio-centrique /  |c Raimundo Dinello 
260 |a Bruxelles :   |b A. De Boeck,   |c c1977 
300 |a 556 p. 
650 0 0 |a Education  |x Philosophy. 
852 |a INST  |b RHODES  |e 19970409  |h 370.1 DIN  |p 005400000282  |q 005400000282  |t BK  |y 0 
909 |a Ρ  |b 017581  |c 1991 
970 |z 2000/08/ΔΕΜΕΝΑΓΑΣ ΠΕΤΡΟΣ